00777nam a2200193 a 450000100100000000500170001000800410002704000250006808200160009310000290010924000540013824501210019226000520031330000210036550000280038670000380041495201140045299900170056600003704020200930080112.0120209s1963 ag 000 0 spa d aDO-SdBNPbspacBNPHU axxxxbF699s1 aFord, W. Herschel96344910aSimple sermons on the ten commandmentslEspañol10aSencillos sermones sobre los diez mandamientos /cW. Herschel Ford, versión al castellano por Ana María Swenson. aTexas :bCasa Bautista de Publicaciones,c1963. a160 p. ;c18 cm. aTraduccido del inglés1 aSwenson, Ana María,etr.943676 001050718MOaGRbGRcCTd2012-02-09iLF1l0oxxxx F699sp37040-10r2020-06-25w2020-06-25y1ZNo se presta c36530d36530